Study of all kinds of birds used in trading in the ritual of bird releasing in phnom penh (ការសិក្សាលើប្រភេទសត្វស្លាបគ្រប់ប្រភេទដែលប្រើប្រាស់ក្នុងការទិញលក់ជាសត្វរស់ដើម្បីប្រលែងតាមជំនឿរបស់ប្រជាជនខ្មែរក្នុងរាជធានីភ្នំពេញ) (Record no. 3387)
[ view plain ]
| 000 -LEADER | |
|---|---|
| fixed length control field | 00837nam a22001577a 4500 |
| 003 - CONTROL NUMBER IDENTIFIER | |
| control field | OSt |
| 005 - DATE AND TIME OF LATEST TRANSACTION | |
| control field | 20151113100413.0 |
| 008 - FIXED-LENGTH DATA ELEMENTS--GENERAL INFORMATION | |
| fixed length control field | 151113b xxu||||| |||| 00| 0 eng d |
| 040 ## - CATALOGING SOURCE | |
| Transcribing agency | RUA |
| 082 ## - DEWEY DECIMAL CLASSIFICATION NUMBER | |
| Classification number | FOR PRA 2007 B133 Or.1 |
| 100 ## - MAIN ENTRY--PERSONAL NAME | |
| 9 (RLIN) | 3638 |
| Personal name | PRAK, CHANTHY. |
| 245 ## - TITLE STATEMENT | |
| Title | Study of all kinds of birds used in trading in the ritual of bird releasing in phnom penh (ការសិក្សាលើប្រភេទសត្វស្លាបគ្រប់ប្រភេទដែលប្រើប្រាស់ក្នុងការទិញលក់ជាសត្វរស់ដើម្បីប្រលែងតាមជំនឿរបស់ប្រជាជនខ្មែរក្នុងរាជធានីភ្នំពេញ) |
| 260 ## - PUBLICATION, DISTRIBUTION, ETC. (IMPRINT) | |
| Place of publication, distribution, etc. | Phnom Penh |
| Name of publisher, distributor, etc. | RUA |
| Date of publication, distribution, etc. | 2007 |
| 300 ## - PHYSICAL DESCRIPTION | |
| Extent | x, 42p. |
| Other physical details | ill. |
| Dimensions | 29cm. |
| 942 ## - ADDED ENTRY ELEMENTS (KOHA) | |
| Source of classification or shelving scheme | |
| Koha item type | FOR |
| Price effective from | Date last seen | Permanent Location | Not for loan | Date acquired | Source of classification or shelving scheme | Koha item type | Barcode | Lost status | Damaged status | Shelving location | Withdrawn status | Current Location | Full call number |
|---|---|---|---|---|---|---|---|---|---|---|---|---|---|
| 2015-11-13 | 2015-11-13 | Library Block B | 2015-11-13 | FOR | RUA42070 | B133 | Library Block B | FOR PRA 2007 B133 Or.1 | |||||
| 2015-11-13 | 2015-11-13 | Library Block B | 2015-11-13 | FOR | RUA41597 | B133 | Library Block B | FOR PRA 2007 B133 Or.2 | |||||
| 2015-11-13 | 2015-11-13 | Library Block B | 2015-11-13 | FOR | RUA41954 | B133 | Library Block B | FOR PRA 2007 B133 Or.3 | |||||
| 2015-11-13 | 2015-11-13 | Library Block B | 2015-11-13 | FOR | RUA42186 | B133 | Library Block B | FOR PRA 2007 B133 Or.4 | |||||
| 2015-11-13 | 2015-11-13 | Library Block B | 2015-11-13 | FOR | RUA42013 | B133 | Library Block B | FOR PRA 2007 B133 Or.5 | |||||
| 2015-11-13 | 2015-11-13 | Library Block B | 2015-11-13 | FOR | RUA42036 | B133 | Library Block B | FOR PRA 2007 B133 Or.6 |